000 00571 a2200169 4500
999 _c4400
_d4400
020 _a0826484778 (pbk.)
050 0 0 _aLB3012YOU2005
100 1 _aYoung, Johnnie.
245 1 0 _a100 ideas for managing behaviour /
_cJohnnie Young.
264 _aLondon:
_bContinuum,
_c2005
300 _axi, 111 p. :
500 _aincludes index
650 0 _aSchool discipline.
856 4 1 _3Table of contents only
_uhttp://www.loc.gov/catdir/toc/fy0611/2006273278.html
942 _2lcc
_cBK
_h3012
_iYOU
_kLB